The Arab-Israeli conflict transformed (Record no. 108221)
[ view plain ]
| 000 -LEADER | |
|---|---|
| fixed length control field | 01559nam a2200397Ia 4500 |
| 082 04 - DEWEY DECIMAL CLASSIFICATION NUMBER | |
| Classification number | 956 |
| 100 1# - MAIN ENTRY--AUTHOR NAME | |
| Personal name | Ben-Yehuda, Hemda, |
| 245 14 - TITLE STATEMENT | |
| Title | The Arab-Israeli conflict transformed |
| 260 ## - PUBLICATION, DISTRIBUTION, ETC. (IMPRINT) | |
| Place of publication | Albany : |
| Name of publisher | State University of New York Press, |
| Year of publication | 2002. |
| 300 ## - PHYSICAL DESCRIPTION | |
| Number of Pages | xi, 291 p. |
| 650 #0 - SUBJECT ADDED ENTRY--TOPICAL TERM | |
| Topical Term | Arab-Israeli conflict. |
| Topical Term | Ethnic conflict |
| Topical Term | Jews |
| Topical Term | Palestinian Arabs |
| 700 1# - ADDED ENTRY--PERSONAL NAME | |
| Personal name | Sandler, Shmuel. |
| 856 40 - ELECTRONIC LOCATION AND ACCESS | |
| Uniform Resource Identifier | http://site.ebrary.com/lib/rucke/Doc?id=10587272 |
No items available.
